Portland Trail Blazers: Retired Numbers - Statistics

General Stats
  • This quiz has been taken 107 times
  • The average score is 5 of 12
Answer Stats
Number Player % Correct
22 Clyde Drexler
98%
32 Bill Walton
94%
30 Terry Porter
67%
20 Maurice Lucas
47%
45 Geoff Petrie
30%
14 Lionel Hollins
27%
30 Bob Gross
25%
13 Dave Twardzik
21%
77 Jack Ramsay
16%
36 Lloyd Neal
16%
15 Larry Steele
15%
Larry Weinberg
7%
No matching quizzes found
Score Distribution
Percent of People with Each Score
Percentile by Number Answered
Your Score History
You have not taken this quiz